Sports Quiz

Random Sports or Baseball Quiz

Active MLB Home Run Leaders Quiz Stats

 Plays Quiz Updated Oct 2, 2017

Challenge
Share
Tweet
Embed
Score 0/144 Timer 12:00
8 Plays Today
Yr/Team Player % Correct
2015 NYYAlex Rodriguez
97.2%
2014 NYY*Alex Rodriguez
97.2%
2013 NYYAlex Rodriguez
97.2%
2012 NYYAlex Rodriguez
97.2%
2011 NYYAlex Rodriguez
97.2%
2007 SFGBarry Bonds
97.1%
2006 SFGBarry Bonds
97.1%
2005 SFGBarry Bonds
97.1%
2004 SFGBarry Bonds
97.1%
2003 SFGBarry Bonds
97.1%
2002 SFGBarry Bonds
97.1%
2017 LAAAlbert Pujols
95.7%
2018 LAAAlbert Pujols
95.6%
2016 LAAAlbert Pujols
94.3%
1935 BSNBabe Ruth
93.9%
1934 NYYBabe Ruth
93.9%
1933 NYYBabe Ruth
93.9%
1932 NYYBabe Ruth
93.9%
1931 NYYBabe Ruth
93.9%
1930 NYYBabe Ruth
93.9%
1929 NYYBabe Ruth
93.9%
1928 NYYBabe Ruth
93.9%
1927 NYYBabe Ruth
93.9%
1926 NYYBabe Ruth
93.9%
1925 NYYBabe Ruth
93.9%
1924 NYYBabe Ruth
93.9%
1923 NYYBabe Ruth
93.9%
1922 NYYBabe Ruth
93.9%
1921 NYYBabe Ruth
93.9%
2010 SEAKen Griffey Jr.
92.3%
2009 SEAKen Griffey Jr.
92.3%
2008 CHWKen Griffey Jr.
92.3%
2001 STLMark McGwire
90.4%
2000 STLMark McGwire
90.4%
1999 STLMark McGwire
90.4%
1998 STLMark McGwire
90.4%
1976 MILHank Aaron
88.2%
1975 MILHank Aaron
88.2%
1974 ATLHank Aaron
88.2%
1973 ATLHank Aaron
88.2%
1972 ATLHank Aaron
88.2%
1971 SFGWillie Mays
86%
1970 SFGWillie Mays
86%
1969 SFGWillie Mays
86%
1968 SFGWillie Mays
86%
1967 SFGWillie Mays
86%
1966 SFGWillie Mays
86%
1965 SFGWillie Mays
86%
Yr/Team Player % Correct
1964 NYYMickey Mantle
84.2%
1960 BOSTed Williams
83.6%
1959 BOSTed Williams
83.6%
1958 BOSTed Williams
83.6%
1957 BOSTed Williams
83.6%
1956 BOSTed Williams
83.6%
1955 BOSTed Williams
83.6%
1954 BOSTed Williams
83.6%
1939 NYYLou Gehrig
79%
1938 NYYLou Gehrig
79%
1937 NYYLou Gehrig
79%
1936 NYYLou Gehrig
79%
1951 NYYJoe DiMaggio
76.8%
1950 NYYJoe DiMaggio
76.8%
1949 NYYJoe DiMaggio
76.8%
1948 NYYJoe DiMaggio
76.8%
1989 PHIMike Schmidt
74.6%
1988 PHIMike Schmidt
74.6%
1987 OAKReggie Jackson
72.4%
1986 CALReggie Jackson
72.4%
1985 CALReggie Jackson
72.4%
1984 CALReggie Jackson
72.4%
1983 CALReggie Jackson
72.4%
1963 STLStan Musial
71.6%
1962 STLStan Musial
71.6%
1961 STLStan Musial
71.6%
1980 SFGWillie McCovey
68.8%
1979 SFGWillie McCovey
68.8%
1978 SFGWillie McCovey
68.8%
1977 SFGWillie McCovey
68.8%
1982 PITWillie Stargell
65.1%
1981 PITWillie Stargell
65.1%
1945 PHIJimmie Foxx
63%
1944 CHCJimmie Foxx
63%
1943 CHC*Jimmie Foxx
63%
1942 CHCJimmie Foxx
63%
1941 BOSJimmie Foxx
63%
1940 BOSJimmie Foxx
63%
1997 ANAEddie Murray
61.9%
1996 BALEddie Murray
61.9%
1995 CLEEddie Murray
61.9%
1990 LADEddie Murray
61.9%
1947 NYGMel Ott
56.7%
1946 NYGMel Ott
56.7%
1917 PITHonus Wagner
54.5%
1916 PITHonus Wagner
54.5%
1915 PITHonus Wagner
54.5%
1914 PITHonus Wagner
54.5%
Yr/Team Player % Correct
1913 PITHonus Wagner
54.5%
1912 PITHonus Wagner
54.5%
1994 MINDave Winfield
47.7%
1993 MINDave Winfield
47.7%
1992 TORDave Winfield
47.7%
1991 CALDave Winfield
47.7%
1990 BOSDwight Evans
38.4%
1953 NYYJohnny Mize
25.6%
1952 NYYJohnny Mize
25.6%
1884 CINCharley Jones
20.4%
1883 CINCharley Jones
20.4%
1881 BSN*Charley Jones
20.4%
1880 BSNCharley Jones
20.4%
1906 DETSam Thompson
11.4%
1905 PHI*Sam Thompson
11.4%
1904 PHI*Sam Thompson
11.4%
1903 PHI*Sam Thompson
11.4%
1902 PHI*Sam Thompson
11.4%
1901 PHI*Sam Thompson
11.4%
1900 PHI*Sam Thompson
11.4%
1899 PHI*Sam Thompson
11.4%
1898 PHISam Thompson
11.4%
1920 PHIGavvy Cravath
9.4%
1919 PHIGavvy Cravath
9.4%
1918 PHIGavvy Cravath
9.4%
1888 DTNDan Brouthers
9.3%
1887 DTNDan Brouthers
9.3%
1897 STLRoger Connor
7.8%
1896 STLRoger Connor
7.8%
1895 STLRoger Connor
7.8%
1894 STLRoger Connor
7.8%
1907 STLJake Beckley
4.2%
1882 BUFJim O'Rourke
4.2%
1879 STLLip Pike
3.8%
1878 HARLip Pike
3.8%
1877 CINLip Pike
3.8%
1876 STLLip Pike
3.8%
1893 BROHarry Stovey
3.4%
1892 BLNHarry Stovey
3.4%
1891 BSNHarry Stovey
3.4%
1890 BOSHarry Stovey
3.4%
1889 PHAHarry Stovey
3.4%
1886 PHAHarry Stovey
3.4%
1885 PHAHarry Stovey
3.4%
1911 BROBill Dahlen
3%
1910 BROBill Dahlen
3%
1909 BSNBill Dahlen
3%
1908 BSNBill Dahlen
3%

You're not logged in!

Compare scores with friends on all Sporcle quizzes.
OR
Log In

You Might Also Like...

Show Comments

Extras

Top Quizzes Today


Score Distribution

Your Account Isn't Verified!

In order to create a playlist on Sporcle, you need to verify the email address you used during registration. Go to your Sporcle Settings to finish the process.

Report this User

Report this user for behavior that violates our Community Guidelines.

Details: